| 000 | 00972nam a2200265 i 4500 | ||
|---|---|---|---|
| 001 | bg | ||
| 003 | KOSZ 005 | ||
| 005 | 20210923133047.0 | ||
| 008 | 071018s1968 pl a g 000 0 pol | ||
| 015 | _aPB 1968/166 | ||
| 040 |
_aWA N _cKOSZ 005/RW _dKOSZ 005/RW |
||
| 080 | _a1(091) | ||
| 100 | 1 |
_aTatarkiewicz, Władysław _d(1886-1980) _eAutor |
|
| 245 | 1 | 0 |
_aHistoria filozofii. _nT. 1, _pFilozofia starożytna i średniowieczna / _cWładysław Tatarkiewicz. |
| 246 | 3 | 0 | _aFilozofia starożytna i średniowieczna. |
| 250 | _aWyd. 6. | ||
| 260 |
_aWarszawa : _bPaństwowe Wydawnictwo Naukowe, _c1968. |
||
| 300 |
_a356, [9] s., [11] k. tabl. : _bil. ; _c25 cm. |
||
| 380 | _aKsiążki. | ||
| 504 | _aBibliogr. s. 350-[357]. | ||
| 650 | 4 |
_aFilozofia _xhistoria _ydo 15 w. |
|
| 710 | 2 |
_aPaństwowe Wydawnictwo Naukowe _4pbl. |
|
| 856 |
_uhttp://koha.tu.koszalin.pl/cgi-bin/koha/opac-detail.pl?biblionumber=10947 _yKatalog online BPK |
||
| 942 |
_2UKD _cKS |
||
| 999 |
_c10947 _d10947 |
||